000 00861nam a2200253 a 4500
001 000024583
005 20250123140859.0
008 110131s1978 sp r 000 0 spa d
020 _a8423953165
040 _aDO-SdBNP
_bspa
_cBNPHU
082 _a927.862
_bC549L, 1978
100 1 _aLavagne, André
_950418
245 1 0 _aChopin /
_cAndré Lavagne ; traducción del francés por Felipe Ximénez de Sandoval.
250 _a3a ed.
260 _aMadrid, (España) :
_bEspasa-Calpe,
_c1978.
300 _a126, [2] p. :
_bil., retrs. ;
_c18 cm.
490 1 _aClásicos de la música
504 _aIncluye referencias bibliográficas (p. 127)
586 _aGran premio de Roma
600 1 4 _aCHOPIN, FRÉDÉRIC, 1810-1849
_9956
650 4 _aPiano
_xInstrución y estudio
_950419
650 0 _aMúsica
_92775
700 1 _aXiménez de Sandoval, Felipe
_etr.
_919335
999 _c24076
_d24076